[Event "Muret Seniors op"]
[Site "Muret"]
[Date "2003.06.21"]
[Round "6"]
[White "Mary, Jean Francois"]
[Black "Durrieu, Etienette"]
[Result "1-0"]
[WhiteElo "1310"]
[BlackElo "1080"]
[PlyCount "53"]
[EventDate "2003.06.16"]
[EventType "swiss"]
[EventRounds "7"]
[EventCountry "FRA"]
[SourceTitle "EXT 2004"]
[Source "ChessBase"]
[SourceDate "2003.11.25"]
[SourceVersion "1"]
[SourceVersionDate "2003.11.25"]
[SourceQuality "1"]

1. d4 d5 2. c4 b6 3. cxd5 Qxd5 4. Nc3 Qd6 5. e4 e5 6. Nf3 Nc6 7. Bb5 Bg4 8. d5 Nge7 9. dxc6 Qxd1+ 10. Nxd1 Ng6 11. Nc3 Bxf3 12. gxf3 Be7 13. Nd5 Bd8 14. Be3 Nh4 15. Ke2 f5 16. Rhg1 f4 17. Bd2 0-0 18. Bb4 Re8 19. Rgd1 a6 20. Bc4 a5 21. Nf6+ Kh8 22. Nxe8 axb4 23. Rd7 Ng6 24. Rad1 Ne7 25. Rxd8 Rxd8 26. Rxd8 h6 27. Nf6+ 1-0

[Event "Muret Seniors op"]
[Site "Muret"]
[Date "2003.06.16"]
[Round "1"]
[White "Mary, Jean Francois"]
[Black "Auge, Jean"]
[Result "0-1"]
[WhiteElo "1310"]
[BlackElo "1850"]
[PlyCount "89"]
[EventDate "2003.06.16"]
[EventType "swiss"]
[EventRounds "7"]
[EventCountry "FRA"]
[SourceTitle "EXT 2004"]
[Source "ChessBase"]
[SourceDate "2003.11.25"]
[SourceVersion "1"]
[SourceVersionDate "2003.11.25"]
[SourceQuality "1"]

1. d4 d5 2. c4 Nf6 3. cxd5 Nxd5 4. Nf3 e6 5. e4 Bb4+ 6. Bd2 Bxd2+ 7. Nbxd2 Nb6 8. Be2 N8d7 9. 0-0 0-0 10. Rc1 c6 11. Nb3 a5 12. Nc5 Nxc5 13. Rxc5 Nd7 14. Rc3 Nf6 15. Qc2 h6 16. Rd1 Bd7 17. a4 b5 18. d5 exd5 19. axb5 Nxe4 20. Rcd3 Qb6 21. Rd4 cxb5 22. Qb3 Be6 23. Bxb5 Rab8 24. Ne5 Qxb5 25. Qxb5 Rxb5 26. f3 Nf6 27. Nc6 Rxb2 28. Nxa5 Rfb8 29. Nc6 Ra8 30. R1d2 Rxd2 31. Rxd2 g5 32. Nd4 Kg7 33. Kf2 h5 34. Ke3 Ra3+ 35. Rd3 Rxd3+ 36. Kxd3 Nd7 37. Ke3 Kf6 38. f4 gxf4+ 39. Kxf4 Ne5 40. h3 Ng6+ 41. Ke3 Nh4 42. Kf2 Ke5 43. Nf3+ Nxf3 44. Kxf3 f5 45. Ke2 0-1